000 00444nam a22001817a 4500
003 MPLRDC
005 20220104114248.0
008 210129b ||||| |||| 00| 0 eng d
020 _a962-447-225-4
082 _a855 SWXL v.15
100 _a陈佐洱著
245 _a芳草遍地
_c
260 _a
_b勤加缘出版社
_c1993
300 _b
490 _a散文系列;15
650 _a散文;随笔、日记
942 _cBK
_o855 SWXL v.15
999 _c6116
_d6106